000 00420nam a2200205Ia 4500
001 13598
003 GE_BSU
008 181216s||||||||xx |||||||||||||| ||und||
020 _a0450577171
040 _cGE_BSU
080 _a821.111-3
100 _aBova,Ben.
245 _aMars.
260 _aLondon.
260 _bHodder and Stoughton.
260 _c1992
300 _a566p;18cm.
653 _aMars.
942 _cBK
999 _c46754
_d46754